000 00459nam a2200169Ia 4500
999 _c28374
_d28374
003 OSt
005 20211112111830.0
008 190216s9999||||xx |||||||||||||| ||und||
040 _coclc
082 _a894.8123
_bKHA/O
100 _aKhader, U A
_96773
245 0 _aOrupidi Vatt /
_cU A Khader
260 _bPoorna Publication,
_aKozhikode:
300 _a256p
650 _aNovel
942 _cBK
_2ddc
_h894.8123
_iKHA/O
_k894.8123
_mKHA/O